00409nam a2200157Ia 45000010006000000050017000060080041000230410008000640820018000721000023000902450084001132600009001973000029002066500008002356540008002431378020260306164826.0260306t2008||||xx |||||||||||||| ||spa|| aESP a005.133JbW95 aThomas Wu, C.eAUT 0aProgramación en java:bintroducción a la programación orientada a objetos c2008 a1186 páginas :c23 cm. aGEN aCCC